In the presence of Sai Baba : (Record no. 62127)

MARC details
000 -LEADER
fixed length control field 02391nam a2200337 4500
005 - DATE AND TIME OF LATEST TRANSACTION
control field 20090922111128.0
010 ## - LCCN (DPL NO)
LC control number B-452446-453
020 ## - INTERNATIONAL STANDARD BOOK NUMBER
International Standard Book Number 8125034811
Terms of availability 595.00
020 ## - INTERNATIONAL STANDARD BOOK NUMBER
International Standard Book Number 9788125034810
Terms of availability 595.00
035 ## - SYSTEM CONTROL NUMBER
System control number B-452446-453
037 ## - SOURCE OF ACQUISITION
Source of stock number/acquisition Virtuous Pub/Ven
082 ## - DEWEY DECIMAL CLASSIFICATION NUMBER
Classification number 230.35
100 ## - MAIN ENTRY--PERSONAL NAME
Personal name Srinivas,Smriti
245 ## - TITLE STATEMENT
Title In the presence of Sai Baba :
Statement of responsibility, etc Smriti Srinivas,
Remainder of title Body,City and memory in a global religious movement /
260 ## - PUBLICATION, DISTRIBUTION, ETC. (IMPRINT)
Place of publication, distribution, etc New Delhi
Name of publisher, distributor, etc Orient Longmans
Date of publication, distribution, etc 2008
270 ## - ADDRESS
Address 1/24, Asaf Ali Road,
City New Delhi
Postal code 110002
300 ## - PHYSICAL DESCRIPTION
Extent 403p.
Dimensions 24cm(Hb)
500 ## - GENERAL NOTE
General note Includes bibliographcal index
700 ## - ADDED ENTRY--PERSONAL NAME
9 (RLIN) 41016
700 ## - ADDED ENTRY--PERSONAL NAME
Personal name Singh, Arpita
9 (RLIN) 41017
942 ## - ADDED ENTRY ELEMENTS (KOHA)
Source of classification or shelving scheme Dewey Decimal Classification
Item type Children Books
Call number suffix SRI
Classification part 230.35
Holdings
Withdrawn status Lost status Not for loan Collection code Home library Current library Date acquired Source of acquisition Cost, normal purchase price Full call number Barcode Copy number Cost, replacement price Koha item type
      Non-fiction Central Library Central Library 15/02/2012 Virtuous Pub/686/14.10.2011/05/15.09.2011/29.11.2011 595.00 230.35 SRI B-452446 1 595.00 English Books
      Non-fiction Janak Puri Janak Puri 15/02/2012 Virtuous Pub/686/14.10.2011/05/15.09.2011/29.11.2011 595.00 230.35 SRI B-452448 1 595.00 English Books
      Non-fiction Karol Bagh Karol Bagh 15/02/2012 Virtuous Pub/686/14.10.2011/05/15.09.2011/29.11.2011 595.00 230.35 SRI B-452451 1 595.00 English Books
      Non-fiction Narela Narela 15/02/2012 Virtuous Pub/686/14.10.2011/05/15.09.2011/29.11.2011 595.00 230.35 SRI B-452452 1 595.00 English Books
      Non-fiction Patel Nagar Patel Nagar 15/02/2012 Virtuous Pub/686/14.10.2011/05/15.09.2011/29.11.2011 595.00 230.35 SRI B-452447 1 595.00 English Books
      Non-fiction Sarojini Nagar Sarojini Nagar 15/02/2012 Virtuous Pub/686/14.10.2011/05/15.09.2011/29.11.2011 595.00 230.35 SRI B-452449 1 595.00 English Books
      Non-fiction Shahdara Branch Shahdara Branch 15/02/2012 Virtuous Pub/686/14.10.2011/05/15.09.2011/29.11.2011 595.00 230.35 SRI B-452453 1 595.00 English Books
      Non-fiction Vinoba Puri Vinoba Puri 15/02/2012 Virtuous Pub/686/14.10.2011/05/15.09.2011/29.11.2011 595.00 230.35 SRI B-452450 1 595.00 English Books

© Delhi Public Library
Hit Counter
free hit counter